000 00436nam a22001577a 4500
005 20260312165526.0
008 260312b |||||||| |||| 00| 0 eng d
037 _cDSWL
040 _aDSWL
_cDSWL
041 _heng
245 _aFault lines of history
260 _aNew Delhi,
_bZubaan Publication,
_c2016
300 _a343p
942 _2CC
_cTEXL
_n0
999 _c1715286
_d1715286